[Event "Torino op 53rd"]
[Site "Torino"]
[Date "2024.01.04"]
[Round "4"]
[White "Gallo, Ivan"]
[Black "Lo Gatto, Riccardo"]
[Result "1-0"]
[WhiteElo "2004"]
[BlackElo "2028"]
[PlyCount "131"]
[EventDate "2024.01.02"]
[EventType "swiss"]
[EventRounds "9"]
[EventCountry "ITA"]
[SourceTitle "CB02_2024"]
[SourceDate "2024.01.10"]
[SourceVersion "1"]
[SourceVersionDate "2024.01.10"]
[SourceQuality "1"]

1. e4 e5 2. Nf3 Nc6 3. Bb5 a6 4. Ba4 Nf6 5. 0-0 Be7 6. Re1 b5 7. Bb3 0-0 8. c3 d5 9. exd5 Nxd5 10. Nxe5 Nxe5 11. Rxe5 c6 12. d4 Bd6 13. Re1 Qh4 14. g3 Qh3 15. Re4 g5 16. Qf1 Qxf1+ 17. Kxf1 Bh3+ 18. Kg1 f5 19. Re1 Rae8 20. Bd2 Rxe1+ 21. Bxe1 Re8 22. Bd2 f4 23. c4 bxc4 24. Bxc4 Re4 25. Bc3 Kg7 26. Nd2 Re7 27. Bxa6 h5 28. a4 Bb4 29. Bxb4 Nxb4 30. Bf1 Nc2 31. Rc1 Nxd4 32. a5 f3 33. Ra1 Bc8 34. Bc4 Bb7 35. a6 Ba8 36. h3 g4 37. hxg4 hxg4 38. Ra4 Kf6 39. Kf1 Nc2 40. Kg1 Nd4 41. Ra1 c5 42. Bd3 Re8 43. Kf1 Rh8 44. Ke1 Rh1+ 45. Nf1 c4 46. Bb1 Ke6 47. Ra4 Kd5 48. Ra5+ Kd6 49. Rg5 Ne6 50. Rxg4 Kc5 51. Rg8 Nc7 52. Rg6 Kb5 53. a7 Kc5 54. Bf5 Rh8 55. Bg4 Nb5 56. Ne3 Nxa7 57. Rf6 Rb8 58. Nd1 Nb5 59. Bxf3 Bxf3 60. Rxf3 Nd4 61. Rf7 Re8+ 62. Ne3 Kb4 63. Rb7+ Kc5 64. Rc7+ Kb5 65. Kf1 Nf3 66. Nxc4 1-0

[Event "ITA-ch U20"]
[Site "Tarvisio"]
[Date "2023.07.06"]
[Round "5"]
[White "Lo Gatto, Riccardo"]
[Black "Lo Presti, Giulio"]
[Result "1/2-1/2"]
[WhiteElo "1987"]
[BlackElo "2033"]
[PlyCount "75"]
[EventDate "2023.07.02"]
[EventType "swiss"]
[EventRounds "9"]
[EventCountry "ITA"]
[SourceTitle "EXT 2024"]
[Source "ChessBase"]
[SourceDate "2023.10.10"]
[SourceVersion "1"]
[SourceVersionDate "2023.10.10"]
[SourceQuality "1"]

1. d4 Nf6 2. c4 e6 3. Nc3 Bb4 4. e3 0-0 5. Nf3 b6 6. Bd2 c5 7. Bd3 Bb7 8. 0-0 d6 9. Qc2 Bxf3 10. gxf3 Nc6 11. dxc5 Ne5 12. Be2 dxc5 13. a3 Ba5 14. f4 Ng6 15. Rab1 Qe7 16. Ne4 Nxe4 17. Bxa5 Nd6 18. Bc3 Qb7 19. f3 Nf5 20. Kf2 Qe7 21. Qe4 Rad8 22. Rg1 Qh4+ 23. Kg2 Nd6 24. Qc2 Ne7 25. Kh1 Nef5 26. Bd3 g6 27. Qe2 Rd7 28. Rg4 Qe7 29. b3 Rfd8 30. Bc2 Ne8 31. Rbg1 Neg7 32. Be4 Ne8 33. Rg5 f6 34. R5g4 Kf7 35. Bc2 Neg7 36. Be4 a6 37. a4 a5 38. Re1 1/2-1/2

[Event "Forni di Sopra op 14th"]
[Site "Forni di Sopra"]
[Date "2023.06.11"]
[Round "2"]
[White "Lo Gatto, Riccardo"]
[Black "Ceschia, Ivano"]
[Result "0-1"]
[WhiteElo "1915"]
[BlackElo "2207"]
[PlyCount "74"]
[EventDate "2023.06.10"]
[EventType "swiss"]
[EventRounds "9"]
[EventCountry "ITA"]
[SourceTitle "CBM 214 Extra"]
[Source "ChessBase"]
[SourceDate "2023.07.31"]
[SourceVersion "1"]
[SourceVersionDate "2023.07.31"]
[SourceQuality "1"]

1. e4 c5 2. Nf3 Nc6 3. d4 cxd4 4. Nxd4 Qb6 5. Nb5 a6 6. Be3 Qa5+ 7. N5c3 e6 8. Bc4 b5 9. Bb3 Nf6 10. f3 Qc7 11. Nd2 Bb7 12. Qe2 Na5 13. Qf2 Nxb3 14. Nxb3 b4 15. Na4 d5 16. Nb6 Rd8 17. 0-0-0 dxe4 18. Rxd8+ Qxd8 19. Rd1 Qc7 20. Qd2 Be7 21. fxe4 Bxe4 22. Nc5 0-0 23. Nxa6 Qb7 24. Nxb4 Ng4 25. Bg1 h6 26. Kb1 Rd8 27. Nd3 Bf6 28. Qe2 Bxg2 29. Re1 Bf3 30. Qf1 Bh4 31. Rc1 Bg5 32. Re1 Bd2 33. h3 Bxe1 34. Qxe1 Nf6 35. Qa5 Be4 36. Nc4 Rxd3 37. cxd3 Bxd3+ 0-1

[Event "Forni di Sopra op 14th"]
[Site "Forni di Sopra"]
[Date "2023.06.10"]
[Round "1"]
[White "Cassi, Elisa"]
[Black "Lo Gatto, Riccardo"]
[Result "1-0"]
[WhiteElo "2178"]
[BlackElo "1915"]
[PlyCount "73"]
[EventDate "2023.06.10"]
[EventType "swiss"]
[EventRounds "9"]
[EventCountry "ITA"]
[SourceTitle "CBM 214 Extra"]
[Source "ChessBase"]
[SourceDate "2023.07.31"]
[SourceVersion "1"]
[SourceVersionDate "2023.07.31"]
[SourceQuality "1"]

1. e4 c5 2. Nf3 d6 3. d4 cxd4 4. Nxd4 Nf6 5. Nc3 a6 6. Be2 e5 7. Nb3 Be7 8. 0-0 0-0 9. Re1 b5 10. a4 b4 11. Nd5 Bb7 12. a5 Nxd5 13. exd5 Nd7 14. Ra4 f5 15. Rxb4 Rb8 16. Be3 Nc5 17. Rb6 Na4 18. Rxb7 Rxb7 19. Bxa6 Rb4 20. Qd2 Rg4 21. f3 Rh4 22. Bb5 Nc5 23. Nxc5 dxc5 24. a6 Qb6 25. c4 Bd6 26. Qf2 Rd4 27. Rb1 Rxd5 28. Qe2 Rd4 29. Bxd4 cxd4 30. b4 e4 31. c5 Bxh2+ 32. Kxh2 Qh6+ 33. Kg1 d3 34. Bxd3 exd3 35. Qxd3 Re8 36. a7 Qf4 37. a8Q 1-0